000 00362nam a22001457a 4500
003 MACL
005 20190621163047.0
008 190621b xxu||||| |||| 00| 0 eng d
040 _cMACL
100 _aSchichtmann,Klaus
_975475
245 _aA Peace History of India
260 _aNew Delhi
_bVij Books India
_c2016
650 _aHistory
_975476
942 _2ddc
_cBK
999 _c60207
_d60207